| 000 | 00366nam a2200109Ia 4500 | ||
|---|---|---|---|
| 008 | 171204s9999 xx 000 0 und d | ||
| 245 | _aChasing Literacy: Reading And Writing In An Age Of Acceleration | ||
| 245 | _cDaniel Keller | ||
| 260 | _c2014 | ||
| 650 | _xPRF Ed 3: Developmental Reading | ||
| 856 | _uhttp://down.ebook777.com/006/ChaLitReaAndWriInAnAgeOfAcc.pdf | ||
| 999 |
_c345872 _d345872 |
||